House of earth and blood : (Record no. 13763)

000 -LEADER
fixed length control field 01890cam a22001698i 4500
020 ## - ISBN
ISBN 9781526663559
082 00 - DEWEY DECIMAL CLASSIFICATION NUMBER
Classification number Fic M112 2020
100 1# - MAIN ENTRY--PERSONAL NAME
Personal name Maas, Sarah J.
245 10 - TITLE STATEMENT
Title House of earth and blood :
Remainder of title a Crescent City novel /
Statement of responsibility, etc. by Sarah J. Maas.
260 ## - PUBLICATION, DISTRIBUTION, ETC. (IMPRINT)
Place of publication, distribution, etc. Ireland :
Name of publisher, distributor, etc. Bloomsbury Publishing,
Date of publication, distribution, etc. c2020.
300 ## - PHYSICAL DESCRIPTION
Extent/Page number 803 pages ;
Other physical details 25 cm.
490 0# - SERIES STATEMENT
Series statement Crescent City
520 ## - SUMMARY, ETC.
Summary, etc. "Half-Fae, half-human Bryce Quinlan loves her life. By day, she works for an antiquities dealer, selling barely legal magical artifacts, and by night, she parties with her friends, savoring every pleasure Lunathion-otherwise known as Crescent City-has to offer. But it all comes crumbling down when a ruthless murder shakes the very foundations of the city-and Bryce's world. Two years later, her job has become a dead end, and she now seeks only blissful oblivion in the city's most notorious nightclubs. But when the murderer attacks again, Bryce finds herself dragged into the investigation and paired with an infamous Fallen angel whose own brutal past haunts his every step. Hunt Athalar, personal assassin for the Archangels, wants nothing to do with Bryce Quinlan, despite being ordered to protect her. She stands for everything he once rebelled against and seems more interested in partying than solving the murder, no matter how close to home it might hit. But Hunt soon realizes there's far more to Bryce than meets the eye-and that he's going to have to find a way to work with her if they want to solve this case. As Bryce and Hunt race to untangle the mystery, they have no way of knowing the threads they tug ripple through the underbelly of the city, across warring continents, and down to the darkest levels of Hel, where things that have been sleeping for millennia are beginning to stir.."--
Assigning source Provided by publisher.
526 ## - STUDY PROGRAM INFORMATION NOTE
PROGRAM TYPE FICTION
650 ## - SUBJECT ADDED ENTRY--TOPICAL TERM
Topical term or geographic name as entry element Fantasy fiction.
942 ## - ADDED ENTRY ELEMENTS
Classification
Item type Book
Holdings
Withdrawn status Lost status Source of classification or shelving scheme Damaged status Not for loan Collection code Permanent Location Current Location Shelving location Date acquired Source of acquisition Cost, normal purchase price Inventory number Full call number Barcode Date last seen Copy number Cost, replacement price Price effective from Item type
          Fiction High School Library High School Library Fiction 2025-10-15 Library Budget 699.00 8257 Fic M112 2020 HS8257 2026-01-28 1 1598.00 2025-10-15 Book